• 首页
  • 本馆介绍
  • 公告通知
  • 最新文献
  • 馆藏检索
  • 电子资源
  • 读者导购
  • 参考咨询
  • 我的图书馆
  • 登录
  • 详细信息显示
  • 放入我的书架
  • 预约/预借图书
  • 作者相关作品
  • 分类相关作品
  • 丛书相关作品
  • 出版社相关作品

书目信息

  • 表格格式
  • 工作单格式
  • 卡片格式
题名:
法国文学史
    
 
作者: 陈振尧 主编 ;林易 , 王尔庆 编著
分册:  
出版信息: 北京   外语教学与研究出版社  1989.10
页数: 482页
开本: 19cm
丛书名:
单 册:
中图分类: I565.09
科图分类:
主题词: 文学史--法国
电子资源:
ISBN: 7-5600-0505-5
000 00588nam0 2200205 45
001 0003210805
005 20070613093112.59
010    @a7-5600-0505-5@dCNY19.80
100    @a20000321d1989 km y0chiy0120 ea
101    @achi
200 1  @a法国文学史@AFa Guo Wen Xue Shi@f陈振尧主编@FChen Zhen Yao Zhu Bian@g林易,王尔庆编著
210    @a北京@c外语教学与研究出版社@d1989.10
215    @a482页@d19cm
606 0  @a文学史@y法国
690    @aI565.09@v1
701  0 @a陈振尧@4主编
702  0 @a林易@4编著
702  0 @a王尔庆@4编著
801    @aCN@bTSTC@c20070613
905    @dI565.09@e312@b286265@f1
    
    法国文学史/陈振尧主编/林易,王尔庆编著.-北京:外语教学与研究出版社,1989.10
    482页;19cm
    
    
    ISBN 7-5600-0505-5:CNY19.80
    
●
相关链接 在E读中查询图书 在五车中查询图书 在当当中查询图书 在豆瓣中查询图书


正题名:法国文学史     索取号:I565.09/312         预约/预借

序号 登录号 条形码 馆藏地/架位号 状态 备注
1 0286262   002862628   第二借阅区/ [索取号:I565.09/312] 在馆    
2 0286263   002862637   第二借阅区/ [索取号:I565.09/312] 在馆    
3 0286264   002862646   第二借阅区/ [索取号:I565.09/312] 在馆    
4 0286265   002862655   第二借阅区/ [索取号:I565.09/312] 在馆    
5 0286266   002862664   第一样本阅览室/ [索取号:I565.09/312] 在馆    
6 0636904   206369044   密集书库/ [索取号:I565.09/312] 在馆    
7 0636905   206369053   密集书库/ [索取号:I565.09/312] 在馆    
8 0636906   206369062   密集书库/ [索取号:I565.09/312] 在馆    
9 0636907   206369071   密集书库/ [索取号:I565.09/312] 在馆    
10 0636908   206369080   密集书库/ [索取号:I565.09/312] 在馆    
唐山师范学院图书馆 欢迎您!
大连网信软件有限公司© 版权所有